Responses for show #7474 - Thursday, February 23, 2017

2017 College Championship final game 1.

Contestants

Viraj Mehta, a junior at Stanford University from Austin, Texas

Gary Tse, a freshman at the United States Naval Academy from Ellicott City, Maryland

Lilly Chin, a senior at MIT from Decatur, Georgia

Jeopardy! Round responses

YOU KIDS TODAY!
SPEED READING
BUSINESS
TV REALITY CHECK
19th CENTURY AMERICA
MY "BA-E"
(Alex: Each correct response will begin with "B-A" and end with the letter E.)
    $200 27
a tattoo

Lilly
    $200 28
Fast

Gary
    $200 29
[The end-of-round signal sounds.]

Ford

Lilly
    $200 8
Survivor

Viraj
    $200 25
(Alex: Less than a minute to go now.)

baritone

Lilly
    $400 26
farming

Viraj
    $400 20
Hurry

Gary
    $400 21
Hallmark

Gary
    $400 10
(Viraj: Who is Kim?)

Kourtney

GaryViraj
    $400 13
Charlotte

Viraj
    $400 24
backstroke

Viraj
    $600 5
a driver's license

Viraj
    $600 18
Brief

Lilly
    $600 7
(Gary: What's Monsanto?)
(Viraj: What's Genentech?)

Amgen

GaryViraj
Triple Stumper
    $600 11
a crab

Lilly
    $1,000 19
the Trans-Continental Railway

Lilly
    $600 1
barrage

Viraj
    $800 2
socialism

Gary
    $800 3
Quick

Triple Stumper
    $800 4
Richard Branson

Gary
    $800 22
(Gary: Who are Adam Levine and CeeLo?)

Adam Levine & Blake Shelton

Gary
Triple Stumper
    $800 14
the Monroe doctrine

Viraj
    $800 9
(Lilly: What is a B.S.?)

a baccalaureate

LillyGary
    $1000 16
(Lilly: What are liberal arts?)

for-profit colleges

Lilly
Triple Stumper
    $1000 17
Swift

Lilly
    $1000 6
Kraft

Viraj
    $1000 23
Big Brother

Triple Stumper
    $1000 15
the Kansas-Nebraska Act

Gary
    $1000 12
bauxite

Viraj

Scores at the first commercial break (after clue 15):

Lilly Gary Viraj
-$200 $3,200 $3,600

Scores at the end of the Jeopardy! Round:

Lilly Gary Viraj
$2,000 $3,400 $4,400

Double Jeopardy! Round responses

StubHub SUBCULTURES
STRAIT TALK
WHO'S WHO IN THE BIBLE
ORGANIZATIONS
QUITE A VOCABULARY
IN THAT HEAD
    $400 24
Burning Man

Viraj
    $400 30
Tasmania

Viraj
    $400 16
Moses

Lilly
    $400 28
Alzheimer's

Gary
    $400 29
avocation

Triple Stumper
    $400 27
molar

Lilly
    $800 17
Avatar

Gary
    $800 25
(Viraj: What is the English Channel?)
(Alex: No. Be more specific.)

Dover Strait

Viraj
    $800 13
Goliath

Gary
    $2,000 23
the ACLU (the American Civil Liberties Union)

Lilly
    $800 6
arcane

Gary
    $800 26
a retina

Lilly
    $1200 9
League of Legends

Lilly
    $1200 8
(Viraj: What is Michigan?)

Lake Erie

Viraj
Triple Stumper
    $1200 12
Mary Magdalene

Gary
    $1200 2
Planned Parenthood

Viraj
    $1200 4
Kitsch

Triple Stumper
    $1200 18
the tongue

Viraj
    $1600 10
the Impractical Jokers

Triple Stumper
    $2,000 19
the Aleutian Islands

Viraj
    $1600 1
Cain

Gary
    $1600 3
the WWF (the World Wildlife Fund)

Gary
    $1600 5
hiatus

Triple Stumper
    $1600 22
orbits

Lilly
    $2000 15
the Insane Clown Posse

Lilly
    $2000 20
the Strait of Hormuz

Gary
    $2000 11
Daniel

Lilly
    $2000 14
the Innocence Project

Lilly
    $2000 7
disruptive

Viraj
    $2000 21
cortex

Lilly

Scores at the end of the Double Jeopardy! Round:

Lilly Gary Viraj
$16,400 $12,600 $11,200

Final Jeopardy! Round responses

SHAKESPEARE CHARACTERS
(Alex: And interestingly enough, this character is in a different play when this line is delivered.)
...
(Alex: [To Gary] ...but it was in Henry VI, Part 3.)
VirajWho is Iago?
$2,718
GaryWho's Richard III?
$12,345
LillyWho is Richard III
$4,000
Richard III

Final scores:

Lilly Gary Viraj
$20,400 $24,945 $8,482

Game dynamics:

Coryat scores:

Lilly Gary Viraj
$14,800 $12,600 $10,800
17 R
(including 2 DDs),
2 W
16 R,
2 W
16 R
(including 1 DD),
3 W

Combined Coryat: $38,200

The J! Archive is created by fans, for fans. The Jeopardy! game show and all elements thereof, including but not limited to copyright and trademark thereto, are the property of Jeopardy Productions, Inc. and are protected under law. This website is not affiliated with, sponsored by, or operated by Jeopardy Productions, Inc. Join the discussion at JBoard.tv.